• 首页
  • 本馆介绍
  • 公告通知
  • 最新文献
  • 馆藏检索
  • 电子资源
  • 读者导购
  • 参考咨询
  • 我的图书馆
  • 登录
  • 详细信息显示
  • 放入我的书架
  • 预约/预借图书
  • 作者相关作品
  • 分类相关作品
  • 丛书相关作品
  • 出版社相关作品

书目信息

  • 表格格式
  • 工作单格式
  • 卡片格式
题名:
晶体和准晶体的衍射
    
 
作者: 郭可信 , 周幺度
分册:  
出版信息: 北京   北京大学出版社  1999
页数: 352
开本: 20cm
丛书名:
单 册:
中图分类: O722
科图分类:
主题词: X射线晶体学
电子资源:
ISBN: 7-301-04041-5
000 00561nam0 2200193 450
001 0754114953
005 20070929150154.95
010    @a7-301-04041-5
100    @a20070929d km y0chiy0120 ea
101 0  @achi
200 1  @a晶体和准晶体的衍射@Ajing ti he zhun jing ti de yan she@f周幺度,郭可信@Fzhou yao du,guo ke xin
210    @a北京@c北京大学出版社@d1999
215    @a352@c插图@d20cm
606 0  @aX射线晶体学
690    @aO722@v3
701  0 @a郭可信@Aguo ke xin
701  0 @a周幺度@Azhou yao du
801  0 @aCN@bPFT@c20070929
905    @a213230@dO722@eh4@f1
    
    晶体和准晶体的衍射/周幺度,郭可信.-北京:北京大学出版社,1999
    352:插图;20cm
    
    
    ISBN 7-301-04041-5:
    
●
相关链接 在E读中查询图书 在五车中查询图书 在当当中查询图书 在豆瓣中查询图书


正题名:晶体和准晶体的衍射     索取号:O722/h4         预约/预借

序号 登录号 条形码 馆藏地/架位号 状态 备注
1 6001001   260010017   密集书库-化学系/ [索取号:O722/h4] 在馆    
唐山师范学院图书馆 欢迎您!
大连网信软件有限公司© 版权所有